Seleções que derrotaram o Brasil na Copa do Mundo - Sudden Death - Statistics

Estatísticas Gerais
  • Esse quiz foi jogado 128 vezes
  • A pontuação média é 9 de 14
Answers on the Grid
Answers color-coded by a green-red scale on the quiz's grid according to % correct below.
Alemanha
Argentina
Austrália
Bélgica
Bolívia
Camarões
Chile
Colômbia
Costa Rica
Croácia
Dinamarca
Espanha
França
Holanda
Hungria
Inglaterra
Irlanda
Itália
Japão
México
Nigéria
Noruega
Polônia
Portugal
Senegal
Suécia
Suíça
Uruguai
 
Estatísticas das Respostas
Resposta % Correto
Alemanha
98%
Argentina
82%
Bélgica
82%
França
78%
Croácia
73%
Holanda
71%
Itália
64%
Uruguai
62%
Camarões
60%
Espanha
53%
Noruega
42%
Hungria
35%
Portugal
35%
Polônia
24%
Nenhum quiz correspondente encontrado
Distribuição das Pontuações
Porcentagem de Pessoas com Cada Pontuação
Percentil de Números Respondidos
Sua Pontuação Histórica
Você não jogou esse quiz